000 01550cam a22004097a 4500
001 000046978
003 CHAP
005 20220329140029.0
008 971013s1994 r 00010 d
010 _a45919
011 _a46891
035 _a51032
040 _cCHAP
082 0 4 _a323.354
_bZ3
100 0 0 _aZapata Martelo, Emma.
_9123641
245 1 0 _aMujeres rurales ante el nuevo milenio :
_b: desde la teoría del desarrollo rural hacia la concepción del genéro en el desarrollo.
260 _aMontecillo, Méx. :
_bColegio de Postgraduados. Centro de Estudios del Desarrollo Rural,
_c1994.
300 _a476 p. :
_b: ilus.
590 _aBATCH-UPD
_b10
_c20130110
_lUCH01
_h0250
590 _aBATCH-UPD
_b10
_c20130110
_lUCH01
_h1925
590 _aBATCH-UPD
_b10
_c20130409
_lUCH01
_h2321
590 _aBATCH-UPD
_b10
_c20130410
_lUCH01
_h1329
590 _aBATCH-UPD
_b10
_c20130914
_lUCH01
_h1308
590 _aCONVERSION
_b10
_c20130109
_lUCH01
_h1325
590 _aE5995AHE
_b05
_c20150219
_lUCH01
_h0918
590 _aE5995AHE
_b05
_c20150219
_lUCH01
_h0921
650 1 4 _aEnfoque de género.
_936945
650 1 4 _aMujer en comunidades rurales.
_979360
700 0 _aLópez Arellano, Blanca.
_967667
700 0 _aMercado González, Marta.
_974901
901 _aBK
942 _cLIBRO
942 _n0
949 _a323.354 Z3
_bBC
_cLIBRO
_d33724000010526
_eLIBRO
_fc.2
_h89547
_i51032
_si
949 _a323.354 Z3
_bBC
_cLIBRO
_d33724000010534
_eLIBRO
_h89546
_i51032
_mD
_si
949 _a323.354 Z3
_bBC
_cUACH
_d33724000299764
_eUACH
_fc.3
_h89548
_i51032
_si
999 _c45919
_d45919